书目信息 |
| 题名: |
中草药家庭治疗
|
|
| 作者: | 赵丽红 编著 | |
| 分册: | 肿瘤病 | |
| 出版信息: | 上海 上海远东出版社 2000 |
|
| 页数: | 213页 | |
| 开本: | 19cm | |
| 丛书名: | 东方保健系列 | |
| 单 册: | ||
| 中图分类: | R243 , R273 | |
| 科图分类: | ||
| 主题词: | 常见病--中药疗法 , 肿瘤--中药疗法 , 常见病 , 中药疗法 , 肿瘤 | |
| 电子资源: | ||
| ISBN: | 7-80661-227-0 | |
| 000 | 00882oam2 2200301 450 | |
| 001 | 1533550496 | |
| 005 | 20150131091950.37 | |
| 010 | @a7-80661-227-0@dCNY8.00 | |
| 100 | @a20010308d2000 em y0chiy0110 ea | |
| 101 | 0 | @achi |
| 102 | @aCN@b310000 | |
| 105 | @ay z 000yy | |
| 200 | 1 | @a中草药家庭治疗@9zhong cao yao jia ting zhi liao@i肿瘤病@f赵丽红编著 |
| 210 | @a上海@c上海远东出版社@d2000 | |
| 215 | @a213页@d19cm | |
| 225 | 2 | @a东方保健系列 |
| 330 | @a本书内容包括:鼻咽癌、腮腺癌、胃癌、胆囊癌、大肠癌、膀胱癌、卵巢癌、外阴癌、白血癌、皮肤癌和癌性浮水等。 | |
| 461 | 0 | @12001 @a东方保健系列 |
| 606 | 0 | @a常见病@x中药疗法 |
| 606 | 0 | @a肿瘤@x中药疗法 |
| 606 | 0 | @a常见病 |
| 606 | 0 | @a中药疗法 |
| 606 | 0 | @a肿瘤 |
| 690 | @aR243@v5 | |
| 690 | @aR273@v5 | |
| 701 | 0 | @a赵丽红@9zhao li hong@4编著 |
| 801 | 0 | @aCN@bTSSF@c20150131 |
| 905 | @aZUCC@dR243@eJY174 | |
| 中草药家庭治疗.肿瘤病/赵丽红编著.-上海:上海远东出版社,2000 |
| 213页;19cm.-(东方保健系列) |
| ISBN 7-80661-227-0:CNY8.00 |
| 本书内容包括:鼻咽癌、腮腺癌、胃癌、胆囊癌、大肠癌、膀胱癌、卵巢癌、外阴癌、白血癌、皮肤癌和癌性浮水等。 |
| ● |
| 相关链接 |
|
|
|
|
正题名:中草药家庭治疗
索取号:R243/JY174
 
预约/预借
| 序号 | 登录号 | 条形码 | 馆藏地/架位号 | 状态 | 备注 |
| 1 | 7863112 | 278631125 | 学院路分馆/ [索取号:R243/JY174] | 在馆 | |
| 2 | 7863113 | 278631134 | 学院路分馆/ [索取号:R243/JY174] | 在馆 | |
| 3 | 7863114 | 278631143 | 学院路分馆/ [索取号:R243/JY174] | 在馆 | |
| 4 | 7863115 | 278631152 | 学院路分馆/ [索取号:R243/JY174] | 在馆 |